Datum a čas kvízu
29.5
Celkem bodů
Celkový počet nahraných bodů na tomto kvízu bez doplňovacích otázek.
7.
Pořadí na kvízu
Konečné umístění týmu na tomto kvízu.
Zaznamenané odpovědi
| # | Otázka | Odpověď | Body | Výsledky |
|---|---|---|---|---|
| 1. | Ve čtvrtek 23. 4. si Česko při... | bez spěchu | 0 | |
| 2. | Dva zkušení borci, 66letý Joha... | traktory | 0 | |
| 3. | Plaketu věnovanou které filmov... | Otíkovi | 0 | |
| 4. | Který unikátní předmět z Titan... | záchranná vesta | 0 | |
| 5. | Minulý týden se vyhlašovaly v... | Aryna Sabalenka, Carlos Alcaraz | 0 | |
| 6. | Vědci v minulosti několikrát t... | D) | 1 | |
| 7. | Světová zdravotnická organizac... | o Gruzii | 1 | |
| 8. | V červenci 2025 Senát schválil... | 3 (2 a 4 za půl bodu) | 1 | |
| 9. | Na které z fotografií se nachá... | A) | 0 | |
| 10. | Velení wehrmachtu si před začá... | pervitin | 1 |